[Event "Sparkassen-Open A"]
[Site "Heusenstamm, Martinsee"]
[Date "2017.11.25"]
[Round "5.109"]
[White "Ebeling, Leander"]
[Black "Jordake, Michael"]
[Result "1-0"]
[WhiteElo "1665"]
[BlackElo "1813"]
[PlyCount "83"]
[EventDate "2017.??.??"]
[WhiteTeam "SK Mainaschaff"]
[BlackTeam "SC Bergen-Enkheim"]

1. c4 c5 2. Nf3 Nc6 3. d4 e6 4. Nc3 cxd4 5. Nxd4 Be7 6. e4 d6 7. Be2 Nxd4 8.
Qxd4 Bf6 9. Qd3 a6 10. Bf4 Be7 11. Rd1 e5 12. Be3 Nf6 13. O-O O-O 14. f4 Bg4
15. Bxg4 Nxg4 16. fxe5 dxe5 17. Qe2 Qc8 18. Nd5 Bc5 19. Rf3 Nxe3 20. Nxe3 Qc6
21. Rd5 Bd4 22. Kh1 Qh6 23. Nf5 Qc1+ 24. Rf1 Qxb2 25. Nxd4 Qxe2 26. Nxe2 Rac8
27. c5 f6 28. Nc1 Rf7 29. Nb3 Rfc7 30. Rfd1 Kf7 31. Rd7+ Kg6 32. Kg1 h5 33. h4
a5 34. a4 Kh6 35. R7d6 Rb8 36. Rb6 Rc6 37. Rxc6 bxc6 38. Nxa5 Rb4 39. Ra1 Rxe4
40. Nxc6 Rc4 41. a5 Rxc5 42. a6 1-0

[Event "Sparkassen-Open A"]
[Site "Heusenstamm, Martinsee"]
[Date "2017.11.25"]
[Round "5.110"]
[White "Schäfer, Peter Felix"]
[Black "Gude, Michael"]
[Result "1/2-1/2"]
[WhiteElo "1813"]
[BlackElo "1659"]
[PlyCount "52"]
[EventDate "2017.??.??"]
[WhiteTeam "vereinslos"]
[BlackTeam "SF Fürth"]

1. e4 e6 2. d3 d5 3. Nd2 c5 4. Ngf3 Nc6 5. g3 Nge7 6. Bg2 g6 7. O-O Bg7 8. Re1
O-O 9. c3 b5 10. Nf1 a5 11. e5 Bb7 12. d4 cxd4 13. cxd4 Qb6 14. Ne3 Rac8 15. b3
Rfe8 16. Bb2 Nf5 17. Nxf5 exf5 18. Nh4 Nb4 19. Re2 Nc6 20. f4 Nd8 21. Nf3 Ne6
22. Rc2 Rxc2 23. Qxc2 Rc8 24. Qd2 Bf8 25. a3 b4 26. a4 Be7 1/2-1/2

[Event "Sparkassen-Open A"]
[Site "Heusenstamm, Martinsee"]
[Date "2017.11.25"]
[Round "5.111"]
[White "Berkes, Jörg"]
[Black "Traut, Stefan"]
[Result "1-0"]
[WhiteElo "1831"]
[BlackElo "1695"]
[PlyCount "47"]
[EventDate "2017.??.??"]
[WhiteTeam "SK Langen"]
[BlackTeam "SF Heusenstamm"]

1. Nf3 Nf6 2. g3 g6 3. Bg2 Bg7 4. O-O O-O 5. Re1 d6 6. e4 Nbd7 7. d4 e5 8. d5
Nb6 9. Nc3 h6 10. h3 Ne8 11. Nh4 Bd7 12. Be3 Rc8 13. b3 a6 14. Qd2 Kh7 15. Rad1
Qe7 16. Nf3 Nf6 17. Ne2 Qd8 18. Nh2 Ne8 19. c4 f5 20. f4 fxe4 21. fxe5 dxe5 22.
c5 Na8 23. c6 bxc6 24. dxc6 1-0

[Event "Sparkassen-Open A"]
[Site "Heusenstamm, Martinsee"]
[Date "2017.11.25"]
[Round "5.112"]
[White "Bitzer, André"]
[Black "Bengsch, Norbert"]
[Result "1/2-1/2"]
[WhiteElo "1719"]
[BlackElo "1799"]
[PlyCount "61"]
[EventDate "2017.??.??"]
[WhiteTeam "SV Griesheim"]
[BlackTeam "SG Donautal Tuttlingen"]

1. b3 d5 2. Bb2 Nf6 3. e3 Nc6 4. Bb5 e6 5. f4 Be7 6. Nf3 O-O 7. Bxc6 bxc6 8.
O-O Ba6 9. Re1 c5 10. Ne5 Ne8 11. Nc6 Qd6 12. Nxe7+ Qxe7 13. d3 Nd6 14. Nc3 Nb5
15. Nxb5 Bxb5 16. a4 Bd7 17. Ba3 e5 18. fxe5 Qxe5 19. Bxc5 Rfe8 20. Qd2 Re6 21.
Bd4 Qh5 22. Qe2 Qxe2 23. Rxe2 a6 24. Rf1 Rc8 25. h3 c5 26. Bb2 c4 27. dxc4 dxc4
28. Rd1 Bc6 29. Bd4 cxb3 30. cxb3 Be4 31. Bc5 1/2-1/2

[Event "Sparkassen-Open A"]
[Site "Heusenstamm, Martinsee"]
[Date "2017.11.25"]
[Round "5.113"]
[White "Dolaberidze, Nico"]
[Black "Boder, Jan"]
[Result "1-0"]
[WhiteElo "1454"]
[BlackElo "1756"]
[PlyCount "151"]
[EventDate "2017.??.??"]
[WhiteTeam "SV Neu-Isenburg"]
[BlackTeam "SG Mörsdorf-Lahr"]

1. e4 c5 2. Nf3 g6 3. d4 cxd4 4. Nxd4 Bg7 5. Bc4 Nc6 6. c3 d6 7. O-O Nf6 8. Re1
O-O 9. Nd2 Qb6 10. N2b3 Bg4 11. f3 Bd7 12. Kh1 Na5 13. Nxa5 Qxa5 14. Bb3 Rac8
15. Be3 h5 16. Qd2 h4 17. h3 Nh5 18. Ne2 Bb5 19. Nf4 Ng3+ 20. Kg1 Kh7 21. Nd3
Bd7 22. Bg5 Qb6+ 23. Kh2 f6 24. Bxh4 Bh6 25. f4 Nh5 26. Bf2 Qb5 27. Be3 Qa5 28.
Rf1 Ng7 29. Rf2 Ne8 30. Raf1 Nc7 31. f5 g5 32. h4 Rh8 33. hxg5 Bxg5 34. Bxg5
Kg7+ 35. Kg3 Rh5 36. Be3 Rch8 37. Nf4 Rg5+ 38. Kf3 Bc6 39. Ne6+ Nxe6 40. Bxe6
Qe5 41. Ke2 Qxe4 42. Kd1 Rg3 43. Rf3 Qg4 44. Bd5 Rxg2 45. Qd3 Qa4+ 46. Ke1 Rhh2
47. R3f2 Bxd5 48. Qxd5 Qh4 49. Qxb7 Kf8 50. Bxa7 Rg4 51. Qb5 Re4+ 52. Kd1 Qg4+
53. Kc2 Rh3 54. Kb3 Ree3 55. Bxe3 Rxe3 56. Rf4 Qh5 57. Qb8+ Kf7 58. Rg1 Qh7 59.
Rfg4 d5 60. Rg7+ Qxg7 61. Rxg7+ Kxg7 62. Qd8 Re5 63. Qd7 Kh6 64. a4 Kg5 65. a5
Rxf5 66. a6 e5 67. a7 e4 68. a8=Q e3 69. Qg8+ Kf4 70. Qd6+ Kf3 71. Qgg3+ Ke2
72. Qg4+ Ke1 73. Qxf5 e2 74. Qg3+ Kd2 75. Qff2 d4 76. Qe1# 1-0

[Event "Heusenstamm Sparkassen Open"]
[Site "Heusenstamm"]
[Date "2017.11.26"]
[Round "6.1"]
[White "Sumets, Andrey"]
[Black "Bortnyk, Oleksandr"]
[Result "0-1"]
[WhiteElo "2588"]
[BlackElo "2600"]
[PlyCount "82"]
[EventDate "2017.??.??"]

1. d4 d6 2. Nf3 g6 3. e4 Nf6 4. Nc3 Bg7 5. Be2 O-O 6. O-O Nc6 7. d5 Nb8 8. Re1
c6 9. Bf1 Bg4 10. h3 Bxf3 11. Qxf3 Nbd7 12. Qd1 Qc7 13. Be3 Rfc8 14. a4 a5 15.
Bd4 Ne8 16. Bxg7 Nxg7 17. Qd4 Qb6 18. Qxb6 Nxb6 19. Rad1 cxd5 20. Nxd5 Nxd5 21.
exd5 Rxc2 22. Rxe7 Rxb2 23. Bb5 Rc8 24. Rxb7 Nh5 25. Bc6 Rxb7 26. Bxb7 Rc4 27.
Bc6 Nf6 28. Rb1 Rb4 29. Re1 Kf8 30. Kf1 h5 31. g3 g5 32. Re3 Ne4 33. g4 h4 34.
Kg2 Kg7 35. Kf3 Nc5 36. Re7 Nd3 37. Ra7 Rb3 38. Be8 Kf8 39. Bb5 Nf4+ 40. Ke4
Nxh3 41. f4 Nxf4 0-1

[Event "Heusenstamm Sparkassen Open"]
[Site "Heusenstamm"]
[Date "2017.11.26"]
[Round "6.2"]
[White "Legde, Georg"]
[Black "Sivuk, Vitaly"]
[Result "0-1"]
[WhiteElo "2306"]
[BlackElo "2551"]
[PlyCount "72"]
[EventDate "2017.??.??"]

1. d4 d6 2. Nf3 g6 3. c4 Nf6 4. Nc3 Bg7 5. e4 O-O 6. Be2 c6 7. O-O e5 8. dxe5
dxe5 9. b4 Qe7 10. Qb3 Nh5 11. Be3 Re8 12. g3 Nd7 13. Nd2 Nf8 14. Rfd1 Bh3 15.
c5 Ne6 16. Bxh5 gxh5 17. Ne2 h4 18. f3 Ng5 19. gxh4 Be6 20. Qc2 Nh3+ 21. Kh1
Qxh4 22. Ng3 Bh6 23. Ndf1 Bf4 24. Rd2 Kh8 25. Rg2 Rg8 26. Qc3 f6 27. Rd1 Rg6
28. Rd6 Re8 29. Qd2 Ng5 30. Nf5 Qh3 31. Bxf4 Qxf3 32. Nh4 Qxf1+ 33. Rg1 Qxg1+
34. Kxg1 Nh3+ 35. Kf1 Bc4+ 36. Rd3 Bxd3+ 0-1

[Event "Heusenstamm Sparkassen Open"]
[Site "Heusenstamm"]
[Date "2017.11.26"]
[Round "6.3"]
[White "Kantans, Toms"]
[Black "Enchev, Ivajlo"]
[Result "1-0"]
[WhiteElo "2509"]
[BlackElo "2490"]
[PlyCount "101"]
[EventDate "2017.??.??"]

1. e4 e5 2. Nf3 Nc6 3. d4 exd4 4. Nxd4 Bc5 5. Nb3 Bb6 6. Nc3 Nge7 7. Bg5 O-O 8.
Bc4 Kh8 9. O-O d6 10. Nd5 f6 11. Nxb6 axb6 12. Bh4 Ne5 13. Be2 N5g6 14. Bg3 f5
15. exf5 Nxf5 16. Nd4 Nxg3 17. hxg3 Qf6 18. c3 Bd7 19. f4 Ne7 20. Bd3 Nf5 21.
Bxf5 Bxf5 22. Qf3 c6 23. g4 Bd7 24. f5 c5 25. Qxb7 cxd4 26. Qxd7 dxc3 27. bxc3
Qxc3 28. Qxd6 Qe3+ 29. Rf2 Rf7 30. Rb1 Rf6 31. Qd5 Rc8 32. Rd1 h6 33. Qf3 Re8
34. Kh2 Qc5 35. Qf4 Kh7 36. Rf3 Re2 37. Rd8 Qe5 38. Qxe5 Rxe5 39. Rd7 Re4 40.
Kh3 Ra4 41. a3 Rc4 42. Rb7 Ra4 43. Kh4 Rc4 44. Kh5 Rc2 45. g5 hxg5 46. g4 Rc5
47. Rd3 Rh6+ 48. Kxg5 Rg6+ 49. Kh4 Rh6+ 50. Kg3 Rh1 51. Rdd7 1-0

[Event "Heusenstamm Sparkassen Open"]
[Site "Heusenstamm"]
[Date "2017.11.26"]
[Round "6.4"]
[White "Sai Agni Jeevitesh, J."]
[Black "Stocek, Jiri"]
[Result "1/2-1/2"]
[WhiteElo "2364"]
[BlackElo "2567"]
[PlyCount "143"]
[EventDate "2017.??.??"]

1. d4 Nf6 2. Nf3 b6 3. e3 Bb7 4. Bd3 e6 5. O-O g6 6. c4 Bg7 7. Nc3 c5 8. d5
exd5 9. cxd5 Nxd5 10. Nxd5 Bxd5 11. Bxg6 hxg6 12. Qxd5 Nc6 13. Rd1 Rh5 14. Qb3
Qf6 15. Rb1 g5 16. Qd5 Rd8 17. Bd2 Ne7 18. Qb7 Qe6 19. Bc3 Bxc3 20. bxc3 g4 21.
Nd2 Nc6 22. Qc7 Ke7 23. a4 Qe5 24. Qxe5+ Rxe5 25. e4 d5 26. exd5 Rdxd5 27. Nf1
Rxd1 28. Rxd1 Re4 29. Ra1 Ke6 30. Nd2 Re2 31. Rd1 f5 32. Kf1 Re5 33. h4 gxh3
34. gxh3 Rd5 35. Ke2 Ne5 36. Rh1 Nd3 37. Nc4 Kf6 38. Ke3 Ne5 39. Nxe5 Rxe5+ 40.
Kf3 Re4 41. Ra1 Rc4 42. Ra3 Kg6 43. a5 b5 44. a6 Kg5 45. Kg2 Ra4 46. Rb3 Ra5
47. Kg3 b4 48. cxb4 Rb5 49. Kf3 Kh4 50. Ke2 cxb4 51. Kd3 Rb6 52. Kd4 Rxa6 53.
Rxb4 Kxh3 54. Ke5 Ra5+ 55. Kf4 Kg2 56. Rb2 Rd5 57. f3+ Kf1 58. Kg5 a5 59. Ra2
Ke1 60. Kf6 Rb5 61. Ke6 Kd1 62. f4 Kc1 63. Kd6 Kb1 64. Ra4 Kc2 65. Kc6 Rb4 66.
Rxa5 Rxf4 67. Kd5 Rb4 68. Ke5 f4 69. Ra3 Kd2 70. Rf3 Ke2 71. Rxf4 Rxf4 72. Kxf4
1/2-1/2

[Event "Heusenstamm Sparkassen Open"]
[Site "Heusenstamm"]
[Date "2017.11.26"]
[Round "6.5"]
[White "Nikolov, Momchil"]
[Black "Jahncke, Giso"]
[Result "1/2-1/2"]
[WhiteElo "2561"]
[BlackElo "2352"]
[PlyCount "84"]
[EventDate "2017.??.??"]

1. d4 Nf6 2. c4 g6 3. Nc3 Bg7 4. e4 d6 5. f3 O-O 6. Nge2 c5 7. d5 e6 8. Ng3
exd5 9. cxd5 h5 10. Be2 Nh7 11. Be3 h4 12. Nf1 a6 13. a4 f5 14. Nd2 f4 15. Bf2
Nd7 16. O-O b6 17. Rb1 Ne5 18. Kh1 g5 19. Nc4 Nxc4 20. Bxc4 Be5 21. h3 Nf6 22.
Qd3 a5 23. Nb5 Bd7 24. Be1 Bxb5 25. Bxb5 Nd7 26. Qc4 Re8 27. Bc3 Re7 28. Rf2
Nb8 29. Ra1 Qc8 30. Rc2 Na6 31. Bxa6 Qxa6 32. Qxa6 Rxa6 33. Ra3 Kf7 34. Kg1 Ke8
35. Kf1 Kd7 36. Be1 Re8 37. Ke2 Rea8 38. Kd3 Kc7 39. Kc4 Kb7 40. Kb5 Re8 41.
Bc3 Bxc3 42. bxc3 Re5 1/2-1/2

[Event "Heusenstamm Sparkassen Open"]
[Site "Heusenstamm"]
[Date "2017.11.26"]
[Round "6.6"]
[White "Kramer, Julian"]
[Black "Kollars, Dmitrij"]
[Result "0-1"]
[WhiteElo "2356"]
[BlackElo "2500"]
[PlyCount "152"]
[EventDate "2017.??.??"]

1. e4 c5 2. Nf3 e6 3. g3 Nc6 4. Bg2 Nf6 5. Qe2 e5 6. O-O Be7 7. c3 O-O 8. Rd1
Re8 9. d3 d5 10. Nbd2 Be6 11. h3 h6 12. Nf1 d4 13. c4 Qd7 14. g4 h5 15. gxh5
Bxh3 16. N3h2 Nh7 17. Bxh3 Qxh3 18. Qf3 Qxf3 19. Nxf3 Rab8 20. a4 Nf8 21. Ng3
Ne6 22. Kg2 b6 23. Ne2 a6 24. b3 Kh7 25. Bd2 Rh8 26. Rh1 Kg8 27. Ne1 Bg5 28.
Bxg5 Nxg5 29. f4 Ne6 30. f5 Nf8 31. Nf3 Nd7 32. Kf2 Nf6 33. Ng3 Kf8 34. Ke2 Ke7
35. Kd2 Kd6 36. Rh4 Rb7 37. Ke2 Na5 38. Nd2 Rbb8 39. h6 Rxh6 40. Rxh6 gxh6 41.
Rh1 Rh8 42. Nh5 Ke7 43. Nf3 Nxh5 44. Rxh5 Kf6 45. Nd2 Kg7 46. Kf2 f6 47. Ke2
Rg8 48. Kf2 Kh7 49. Rh3 Rg4 50. Kf3 Rg1 51. Kf2 Rg7 52. Kf1 Rg4 53. Kf2 Nc6 54.
Nf3 Nb4 55. Nh2 Rg5 56. Kf1 Nc2 57. Rf3 Ne3+ 58. Ke2 Rg2+ 59. Rf2 Rxf2+ 60.
Kxf2 Nc2 61. Nf3 h5 62. Ke2 Kh6 63. Kd1 Ne3+ 64. Ke2 a5 65. Nh4 Kg5 66. Nf3+
Kf4 67. Kf2 Nd1+ 68. Ke2 Nc3+ 69. Kf2 Na2 70. Nh4 Nc1 71. Ng6+ Kg5 72. Nf8
Nxd3+ 73. Kf3 Kh6 74. Nd7 Kg7 75. Nxb6 h4 76. Kg4 Nf4 0-1

[Event "Heusenstamm Sparkassen Open"]
[Site "Heusenstamm"]
[Date "2017.11.26"]
[Round "6.7"]
[White "Pap, Misa"]
[Black "Lisanti, Andre"]
[Result "1-0"]
[WhiteElo "2494"]
[BlackElo "2249"]
[PlyCount "78"]
[EventDate "2017.??.??"]

1. e4 c5 2. c3 Nf6 3. e5 Nd5 4. Nf3 d6 5. d4 cxd4 6. Bc4 e6 7. cxd4 Bd7 8. O-O
Bc6 9. Nc3 Nxc3 10. bxc3 Be7 11. Re1 O-O 12. Bf4 dxe5 13. Nxe5 Nd7 14. Nxc6
bxc6 15. Ba6 Qa5 16. Bb7 Rad8 17. Qf3 c5 18. d5 e5 19. Bc6 exf4 20. Rxe7 Nb6
21. h3 c4 22. Rd1 Rd6 23. Qxf4 Qc5 24. Qe3 Qa3 25. Re8 Rd8 26. Qe7 Qxe7 27.
Rxe7 Nc8 28. Rc7 a5 29. Rd4 Nd6 30. Ra7 Rb8 31. Rf4 g5 32. Rf3 f5 33. Re3 Rb1+
34. Kh2 Rf7 35. Rxa5 Rb2 36. Re6 Ne4 37. d6 Rd2 38. d7 Rfxd7 39. Bxd7 Rxd7 1-0

[Event "Heusenstamm Sparkassen Open"]
[Site "Heusenstamm"]
[Date "2017.11.26"]
[Round "6.8"]
[White "Noe, Christopher"]
[Black "Haag, Martin"]
[Result "1-0"]
[WhiteElo "2463"]
[BlackElo "2243"]
[PlyCount "121"]
[EventDate "2017.??.??"]

1. d4 d5 2. Nf3 e6 3. Bf4 Bd6 4. e3 Nf6 5. c3 O-O 6. Nbd2 b6 7. a4 c5 8. Bxd6
Qxd6 9. a5 Nbd7 10. Be2 Bb7 11. O-O Bc6 12. Qb3 c4 13. Qa3 Qxa3 14. Rxa3 b5 15.
Ne1 a6 16. Nc2 Rac8 17. f4 Ne4 18. Nxe4 dxe4 19. f5 Nf6 20. fxe6 fxe6 21. Raa1
g5 22. h3 Kf7 23. h4 h6 24. Kh2 Ke7 25. hxg5 hxg5 26. Kg3 Rh8 27. Rh1 Bb7 28.
Raf1 Rcg8 29. Kf2 Rf8 30. Ke1 Rd8 31. Kd2 Rdg8 32. Rh3 g4 33. Rhh1 g3 34. Ke1
Rh2 35. Rxh2 gxh2 36. Rh1 Rxg2 37. Kf1 Rg1+ 38. Rxg1 hxg1=R+ 39. Kxg1 Nd5 40.
Kf2 Kf6 41. Bg4 Ne7 42. Nb4 Ng6 43. Kg3 Ne7 44. Kh4 Ng6+ 45. Kh3 Ne7 46. Kg3
Ng6 47. Bh5 Ne7 48. Kf4 Nf5 49. Be8 Ne7 50. Bd7 Ng6+ 51. Kg3 Ne7 52. Kg4 Nf5
53. Kf4 Ne7 54. Be8 Nd5+ 55. Nxd5+ exd5 56. Bd7 Ke7 57. Bg4 Kd6 58. Bh5 Bc8 59.
Kg5 b4 60. cxb4 Kc6 61. Be8+ 1-0

[Event "Heusenstamm Sparkassen Open"]
[Site "Heusenstamm"]
[Date "2017.11.26"]
[Round "6.9"]
[White "Euler, Gerd"]
[Black "Colpe, Malte"]
[Result "1/2-1/2"]
[WhiteElo "2315"]
[BlackElo "2404"]
[PlyCount "129"]
[EventDate "2017.??.??"]

1. e4 d5 2. exd5 Qxd5 3. Nc3 Qd6 4. d4 Nf6 5. Be3 c6 6. Qd2 Bf5 7. O-O-O e6 8.
f3 Nbd7 9. h4 h5 10. Nh3 Qc7 11. Ng5 Bb4 12. a3 Bxc3 13. Qxc3 Nd5 14. Qe1 f6
15. Ne4 Nxe3 16. Qxe3 O-O-O 17. Bd3 Rhe8 18. Rhe1 Kb8 19. Kb1 Bh7 20. g4 hxg4
21. fxg4 e5 22. Nd6 Qxd6 23. Bxh7 Nf8 24. Bg8 Qc7 25. Qe4 Rd7 26. g5 fxg5 27.
hxg5 Qd8 28. g6 Nxg6 29. Bh7 Nf8 30. Bf5 Rd5 31. c4 Rd6 32. Kc2 Nd7 33. Bg6 Re7
34. c5 Rd5 35. Qh4 Nf6 36. dxe5 Rexe5 37. Qf4 Qc7 38. Rxd5 Rxd5 39. Qxc7+ Kxc7
40. Re7+ Rd7 41. Re6 Nd5 42. Be4 Kd8 43. b4 Nc7 44. Rg6 Ke8 45. Bf5 Re7 46. Rd6
Re2+ 47. Kd3 Ra2 48. Rd7 Rxa3+ 49. Ke4 g6 50. Rxc7 gxf5+ 51. Kxf5 Kd8 52. Rxb7
Kc8 53. Rh7 a5 54. Ke6 axb4 55. Kd6 Rg3 56. Kxc6 Rg6+ 57. Kb5 b3 58. Rh8+ Kc7
59. Rh7+ Kc8 60. Rh3 b2 61. Rh8+ Kc7 62. Rh7+ Kc8 63. Rh8+ Kc7 64. Rh7+ Kc8 65.
Rh8+ 1/2-1/2

[Event "Heusenstamm Sparkassen Open"]
[Site "Heusenstamm"]
[Date "2017.11.26"]
[Round "6.10"]
[White "Kersten, Uwe"]
[Black "Gutman, Lev"]
[Result "1/2-1/2"]
[WhiteElo "2234"]
[BlackElo "2410"]
[PlyCount "101"]
[EventDate "2017.??.??"]

1. e4 c5 2. Nf3 Nc6 3. Bb5 g6 4. O-O Bg7 5. c3 Qb6 6. Na3 Nf6 7. Re1 O-O 8. h3
d5 9. e5 Ne8 10. Bf1 Nc7 11. Nc2 d4 12. c4 Ne6 13. d3 Qc7 14. Qe2 Bd7 15. Rb1
a5 16. b3 Nb4 17. Nxb4 axb4 18. g3 b5 19. cxb5 Bxb5 20. Ng5 Ra6 21. Bg2 Nxg5
22. Bxg5 Re6 23. Bf4 Bc6 24. Bxc6 Qxc6 25. Rbc1 Ra8 26. Rc2 Ra5 27. Qe4 Qd7 28.
g4 f6 29. Ree2 fxe5 30. Bd2 Rea6 31. a4 h5 32. Re1 hxg4 33. hxg4 Qe6 34. Rc4
Rd6 35. Rec1 Rd5 36. Kg2 Qd6 37. Rh1 Ra8 38. Rh3 Rf8 39. Bg5 Qe6 40. Rc1 Rf7
41. Rf3 Rd8 42. Rxf7 Kxf7 43. Rc4 Qb6 44. Qf3+ Ke8 45. Bd2 Rd6 46. Qa8+ Kf7 47.
f3 Rd8 48. Qe4 Rd7 49. Qa8 Rd8 50. Qe4 Rd7 51. Qa8 1/2-1/2

[Event "Heusenstamm Sparkassen Open"]
[Site "Heusenstamm"]
[Date "2017.11.26"]
[Round "6.11"]
[White "Pitzanti, Matteo"]
[Black "Carlstedt, Jonathan"]
[Result "0-1"]
[WhiteElo "2182"]
[BlackElo "2403"]
[PlyCount "68"]
[EventDate "2017.??.??"]

1. d4 Nf6 2. Nf3 d5 3. e3 c5 4. c4 cxd4 5. exd4 g6 6. Nc3 Bg7 7. c5 O-O 8. Be2
b6 9. cxb6 Qxb6 10. O-O Nc6 11. Na4 Qb8 12. h3 Bf5 13. Be3 Nb4 14. Ne1 Rc8 15.
Nc5 Ne4 16. a3 Nc6 17. Na4 Na5 18. Nd3 Nb3 19. Nb4 Nxa1 20. Qxa1 Qd6 21. Nd3
Qa6 22. Qd1 Qb7 23. b4 Qc6 24. Ndc5 Nd6 25. Qb3 Nb5 26. Rd1 a6 27. Bf3 Rd8 28.
Nb2 Rab8 29. a4 Nxd4 30. Bxd4 Bxd4 31. Nxa6 Bxf2+ 32. Kxf2 Qxa6 33. b5 Qb6+ 34.
Kf1 Rbc8 0-1

[Event "Heusenstamm Sparkassen Open"]
[Site "Heusenstamm"]
[Date "2017.11.26"]
[Round "6.12"]
[White "Thinius, Marco"]
[Black "Meyner, Hannes"]
[Result "1/2-1/2"]
[WhiteElo "2375"]
[BlackElo "2159"]
[PlyCount "40"]
[EventDate "2017.??.??"]

1. c4 e6 2. g3 d5 3. Bg2 Nf6 4. Nf3 Be7 5. O-O O-O 6. b3 b6 7. Bb2 Bb7 8. e3 c5
9. Nc3 Qc8 10. Qe2 Rd8 11. d3 Nc6 12. Rfd1 d4 13. exd4 Nxd4 14. Nxd4 cxd4 15.
Ne4 Nxe4 16. Bxe4 Bxe4 17. Qxe4 Qd7 18. Re1 Bb4 19. Re2 Qd6 20. Qe5 a5 1/2-1/2

[Event "Heusenstamm Sparkassen Open"]
[Site "Heusenstamm"]
[Date "2017.11.26"]
[Round "6.13"]
[White "Winterberg, Lukas"]
[Black "Browning, Alex"]
[Result "1-0"]
[WhiteElo "2384"]
[BlackElo "2095"]
[PlyCount "149"]
[EventDate "2017.??.??"]

1. d4 Nf6 2. c4 g6 3. Nc3 Bg7 4. e4 d6 5. Be2 O-O 6. Nf3 e5 7. dxe5 dxe5 8. O-O
c6 9. b4 Qe7 10. Qb3 Nbd7 11. Ba3 Re8 12. b5 Nc5 13. Qc2 Bf8 14. Na4 Nfd7 15.
bxc6 bxc6 16. Nd2 Qg5 17. Nxc5 Nxc5 18. Bxc5 Bxc5 19. Nb3 Bh3 20. Bf3 Bf8 21.
Rfd1 a5 22. Rab1 Be6 23. Be2 Qe7 24. h3 Qg5 25. Rd3 a4 26. Nd2 Bc5 27. Nf1 Qh4
28. Rg3 f5 29. Rb7 Qxe4 30. Qxe4 fxe4 31. Bg4 Bxc4 32. Rc3 Ba6 33. Rc7 Bb6 34.
R7xc6 Bd4 35. Rc1 Bb5 36. Rc7 h5 37. Bd7 Bxd7 38. Rxd7 Red8 39. Rdc7 Rab8 40.
R1c6 Rb6 41. Rxb6 Bxb6 42. Rc6 Bd4 43. Rxg6+ Kf7 44. Ra6 Rb8 45. Rxa4 Rb2 46.
Ne3 Rb1+ 47. Kh2 Rb2 48. Nf5 Bxf2 49. Nd6+ Ke6 50. Nxe4 Bd4 51. Kg3 Re2 52.
Ra6+ Kd5 53. Nf6+ Kc4 54. Nxh5 e4 55. Rc6+ Kb5 56. Re6 e3 57. Nf4 Rxa2 58. Nd5
e2 59. Kf3 Kc5 60. Nf4 Kc4 61. Rxe2 Ra3+ 62. Ke4 Bc5 63. Rc2+ Kb5 64. Kd5 Bb4
65. Ne6 Be1 66. Rb2+ Ka6 67. Rb1 Bg3 68. Nc5+ Ka7 69. Rb7+ Ka8 70. Rb3 Rxb3 71.
Nxb3 Kb7 72. Nd4 Kc7 73. Nf5 Be1 74. Ke6 Kd8 75. Kf7 1-0

[Event "Heusenstamm Sparkassen Open"]
[Site "Heusenstamm"]
[Date "2017.11.26"]
[Round "6.14"]
[White "Prill, Daniel"]
[Black "Karthik, Venkataraman"]
[Result "0-1"]
[WhiteElo "2234"]
[BlackElo "2466"]
[PlyCount "76"]
[EventDate "2017.??.??"]

1. e4 c5 2. Nf3 a6 3. c4 e6 4. Nc3 Nc6 5. Be2 g5 6. d3 g4 7. Nd2 h5 8. Nf1 Bg7
9. Be3 Nd4 10. h3 gxh3 11. Rxh3 h4 12. Rh1 d6 13. Nd2 Bf6 14. Nf3 Ne7 15. Kf1
Nec6 16. Rc1 Nxf3 17. Bxf3 Rg8 18. a3 Bd7 19. Bh5 Qe7 20. b4 Qf8 21. Bf3 Qe7
22. bxc5 dxc5 23. Ne2 Ne5 24. Nf4 Bc6 25. Qe2 O-O-O 26. Kg1 Bg5 27. Rd1 f5 28.
Rh3 Nxf3+ 29. Qxf3 fxe4 30. Qh5 Qf6 31. Qg4 exd3 32. f3 Bd7 33. Kh1 e5 34. Nd5
Bxg4 35. Nxf6 Bxh3 36. Nxg8 Rxg8 37. Bxg5 Bxg2+ 38. Kxg2 Rxg5+ 0-1

[Event "Heusenstamm Sparkassen Open"]
[Site "Heusenstamm"]
[Date "2017.11.26"]
[Round "6.15"]
[White "Milov, Leonid"]
[Black "Zimmermann, Rolf"]
[Result "1-0"]
[WhiteElo "2453"]
[BlackElo "2178"]
[PlyCount "77"]
[EventDate "2017.??.??"]

1. e4 d5 2. exd5 Qxd5 3. Nf3 Bg4 4. Be2 c6 5. d4 e6 6. O-O Nf6 7. c4 Qd8 8. h3
Bxf3 9. Bxf3 Be7 10. Nc3 O-O 11. Re1 Re8 12. d5 exd5 13. cxd5 Bb4 14. Bg5 Rxe1+
15. Qxe1 cxd5 16. Bxf6 gxf6 17. Qd1 Bxc3 18. bxc3 Nc6 19. Bxd5 Qe7 20. Rb1 Rd8
21. Qh5 Rd7 22. Qf5 Ne5 23. Bxb7 Kg7 24. Be4 Ng6 25. h4 Qe6 26. h5 Nf8 27. Qf4
Rd8 28. h6+ Kg8 29. c4 Ng6 30. Qf5 Qxc4 31. Qxf6 Qd4 32. Qxd4 Rxd4 33. Rb8+ Nf8
34. f3 Rd6 35. Ra8 Rxh6 36. Rxa7 Rd6 37. a4 Nd7 38. Ra8+ Kg7 39. Rd8 1-0

[Event "Heusenstamm Sparkassen Open"]
[Site "Heusenstamm"]
[Date "2017.11.26"]
[Round "6.16"]
[White "Hilzinger, Markus"]
[Black "Biriukov, Nikolai"]
[Result "1/2-1/2"]
[WhiteElo "2134"]
[BlackElo "2393"]
[PlyCount "81"]
[EventDate "2017.??.??"]

1. c4 e6 2. Nf3 d5 3. d4 c6 4. g3 Nd7 5. Bg2 dxc4 6. a4 a5 7. O-O Ngf6 8. Nc3
Bb4 9. Re1 c5 10. e4 cxd4 11. Qxd4 O-O 12. Qxc4 Nb6 13. Qe2 Bd7 14. e5 Nfd5 15.
Nxd5 exd5 16. Rd1 Bxa4 17. Rd4 Bd7 18. Ng5 h6 19. Qh5 Bf5 20. Nh3 Bg6 21. Qe2
Bc5 22. Rh4 Be7 23. Rd4 Re8 24. Nf4 Bc5 25. Rd1 Bf5 26. Nxd5 Nxd5 27. Rxd5 Qb6
28. h4 a4 29. Bf4 Be6 30. Rdd1 Bd4 31. Rd2 Red8 32. Qe4 a3 33. Rxa3 Rxa3 34.
bxa3 Bxf2+ 35. Rxf2 Rd1+ 36. Bf1 Bh3 37. Be3 Qa6 38. Qf3 Qd3 39. Qxf7+ Kh7 40.
Qf4 Bxf1 41. Rxf1 1/2-1/2

[Event "Sparkassen-Open A"]
[Site "Heusenstamm, Martinsee"]
[Date "2017.11.26"]
[Round "6.17"]
[White "Pfreundt, Jakob"]
[Black "Neukirchner, Pascal"]
[Result "1/2-1/2"]
[WhiteElo "2391"]
[BlackElo "2139"]
[PlyCount "136"]
[EventDate "2017.??.??"]
[WhiteTeam "Königsspr. SC"]
[BlackTeam "SK Gründau"]

1. Nf3 c5 2. c4 g6 3. e4 Bg7 4. d4 cxd4 5. Nxd4 Nc6 6. Be3 Nf6 7. Nc3 Ng4 8.
Qxg4 Nxd4 9. Qd1 Ne6 10. Qd2 Qa5 11. Rc1 b6 12. Bd3 Bb7 13. O-O O-O 14. Bb1 d6
15. b3 Rfe8 16. Rfe1 Rac8 17. Nb5 Qxd2 18. Bxd2 a6 19. Nc3 Nc5 20. Nd5 b5 21.
cxb5 axb5 22. Ba5 Bxd5 23. exd5 Ra8 24. Bd2 f5 25. Re2 Kf7 26. f3 Nd7 27. Bb4
Bd4+ 28. Kf1 Bc5 29. Bc3 b4 30. Bb2 Nf6 31. Rd1 Ra7 32. g3 Rc8 33. Rc2 Rac7 34.
Ke2 Bb6 35. Rxc7 Rxc7 36. Ba1 f4 37. g4 h6 38. h4 Be3 39. g5 hxg5 40. hxg5 Nh5
41. Bb2 Ng3+ 42. Ke1 Rc5 43. a3 bxa3 44. Bxa3 Ra5 45. Bb2 Nh1 46. Ke2 Nf2 47.
Rf1 Rxd5 48. Bc3 Nh3 49. b4 Rxg5 50. Kd3 Rg1 51. Ke2 Rg2+ 52. Kd3 d5 53. Bh8
Ke6 54. Kc3 Ng1 55. b5 Kd6 56. Bd3 e5 57. Kb3 Bd4 58. Rc1 Nxf3 59. Rc6+ Kd7 60.
Bxg6 Nh4 61. Bf7 Ke7 62. Bxd5 Rg6 63. b6 Rxc6 64. Bxc6 Ng6 65. b7 Ba7 66. Bg7
Kd6 67. Be4 Ne7 68. Bf8 Kd7 1/2-1/2

[Event "Sparkassen-Open A"]
[Site "Heusenstamm, Martinsee"]
[Date "2017.11.26"]
[Round "6.18"]
[White "Poghosyan, Tigran"]
[Black "Lagunow, Raphael"]
[Result "1/2-1/2"]
[WhiteElo "2175"]
[BlackElo "2385"]
[PlyCount "81"]
[EventDate "2017.??.??"]
[WhiteTeam "Lübecker SV"]
[BlackTeam "SK Zehlendorf"]

1. e4 c5 2. b3 d6 3. Bb2 Nd7 4. f4 Ngf6 5. Bc4 e6 6. Qe2 Nb6 7. Bb5+ Nfd7 8. f5
a6 9. fxe6 axb5 10. exd7+ Bxd7 11. Nf3 Qe7 12. O-O O-O-O 13. d4 Re8 14. Re1 Bc6
15. Nbd2 f5 16. e5 g5 17. Qd3 Qd7 18. dxc5 dxe5 19. cxb6 Bc5+ 20. Kh1 e4 21.
Qxd7+ Kxd7 22. Ne5+ Rxe5 23. Bxe5 Re8 24. Bc7 Re6 25. c3 f4 26. b4 Bf2 27. Nb3
Rh6 28. Nc5+ Ke7 29. Rxe4+ Kf7 30. Rf1 Bxc5 31. Re5 Be7 32. Re2 Rh3 33. Be5 Rd3
34. Kg1 Bf6 35. Bxf6 Kxf6 36. Rc2 Bd5 37. Ra1 g4 38. Rf1 Kf5 39. Kf2 h5 40. g3
Bc4 41. Kg1 1/2-1/2

[Event "Sparkassen-Open A"]
[Site "Heusenstamm, Martinsee"]
[Date "2017.11.26"]
[Round "6.19"]
[White "Schnepp, Gunnar"]
[Black "Köllner, Ruben Gideon"]
[Result "1/2-1/2"]
[WhiteElo "2349"]
[BlackElo "2133"]
[PlyCount "60"]
[EventDate "2017.??.??"]
[WhiteTeam "SK Lauffen"]
[BlackTeam "SG Bochum"]

1. d4 d6 2. e4 Nf6 3. Nc3 Nbd7 4. Nf3 e5 5. Bc4 Be7 6. O-O c6 7. a4 Qc7 8. h3
h6 9. Re1 Nf8 10. Nh4 g6 11. a5 Bd7 12. Be3 Ne6 13. Nf3 g5 14. d5 Nf4 15. a6 c5
16. axb7 Qxb7 17. Ra3 Rg8 18. Nh2 Kf8 19. f3 Rb8 20. Qa1 Bd8 21. Rxa7 Qxb2 22.
Qxb2 Rxb2 23. Bb3 c4 24. Ra2 Nd3 25. Rxb2 Nxb2 26. Rb1 Ba5 27. Bd2 cxb3 28.
Rxb2 bxc2 29. Rxc2 Ke7 30. Ng4 Bxg4 1/2-1/2